=LDR 00000nam 2200000 4500 =001 000228 =005 20250710115027 =035 ##$$a 0010-0725000046 =245 1#$$a Hujan Badai /$c K.R. Vishrutha =100 #$$a K.R. Vishrutha =250 ##$$a Cetakan Pertama =300 ##$$a 24 hlm. : $b Ilus. ; $c 21 cm. =856 ##$$a TBM AS SUHADA =260 ##$$a Rawamangun :$b Badan Pengembangan dan Pembinaan Bahasa,$c 2022 =082 ##$$a 398.209 598 =084 ##$$a 398.209 598 VIS h =020 ##$$a 978-623-307-415-5 =650 #4$$a Cerita Anak Indonesia - Terjemahan =650 #4$$a Literasi - Bahan bacaan